José de Mazarredo Salazar Muñatones y Gortazar (Record no. 29446)

MARC details
000 -LEADER
campo de control de longitud fija 00525nam a2200157 i 4500
001 - NÚMERO DE CONTROL
campo de control 29446
003 - IDENTIFICADOR DE NÚMERO DE CONTROL
campo de control ES-MaACL
005 - FECHA Y HORA DE LA ÚLTIMA TRANSACCIÓN
campo de control 20230906154033.0
007 - CAMPO FIJO DE DESCRIPCIÓN FÍSICA--INFORMACIÓN GENERAL
campo de control de longitud fija t|
008 - DATOS DE LONGITUD FIJA--INFORMACIÓN GENERAL
campo de control de longitud fija 030122s1945 sp ||||1| spa d
100 1# - ENTRADA PRINCIPAL--NOMBRE DE PERSONA
Nombre de persona Barbudo Duarte, Enrique.
9 (RLIN) 25485
245 10 - MENCIÓN DEL TÍTULO
Título José de Mazarredo Salazar Muñatones y Gortazar
Resto del título : Teniente General de la Armada Real /
Mención de responsabilidad, etc. Enrique Barbudo Duarte.
260 ## - PUBLICACIÓN, DISTRIBUCIÓN, ETC.
Lugar de publicación, distribución, etc. Madrid :
Nombre del editor, distribuidor, etc. [s.n.,
Fecha de publicación, distribución, etc. 1945] (
Fabricante Artegrafía)
300 ## - DESCRIPCIÓN FÍSICA
Extensión 238 p. :
Otras características físicas 1 retr. biog. ;
Dimensiones 23 cm.
852 ## - LOCALIZACIÓN
Ubicación ES-MaACL
Número de control de estantería B-10447
Sublocalización o colección R.21909
Holdings
Estatus retirado Estado de pérdida Estado de daño No para préstamo Biblioteca de origen Biblioteca actual Ubicación en estantería Fecha de adquisición Fuente de adquisición Total de préstamos Signatura topográfica completa Código de barras Visto por última vez Precio de reemplazo Tipo de ítem Koha
        Biblioteca del Ateneo de Madrid Biblioteca del Ateneo de Madrid Sala Pardo Bazán 17/01/2008     B-10447 1030400 23/02/2023 23/02/2023 Libro impreso